On Natural Capital (Record no. 11531)

MARC details
000 -LEADER
fixed length control field 01169nam a22001697a 4500
020 ## - INTERNATIONAL STANDARD BOOK NUMBER
ISBN 9781529144215
082 ## - DEWEY DECIMAL CLASSIFICATION NUMBER
Classification number 333.7 DAS
100 ## - MAIN ENTRY--AUTHOR NAME
Personal name Dasgupta, Partha.
245 ## - TITLE STATEMENT
Title On Natural Capital
Sub Title The Value of the World Around Us: Transforming Economics to Value Nature and Combat Climate Change
260 ## - PUBLICATION, DISTRIBUTION, ETC. (IMPRINT)
Place of publication New York
Name of publisher HarperCollins Publishers
Year of publication 2026
300 ## - PHYSICAL DESCRIPTION
Number of Pages 288p.
504 ## - BIBLIOGRAPHY, ETC. NOTE
Bibliography, etc Includes index
520 ## - SUMMARY, ETC.
Summary, etc For just about everything of value in life, there is an economic model. If it matters to us, we have found a way to put a dollar amount on it—to quantify its importance in our lives and society. These models and metrics tell us that our economies are healthy because they are growing. And yet for as long as they have existed, our economic models have served us an incomplete picture; they fail to account for the fact that our growth is driven by a resource that we take for free and treat as infinite: nature. Indeed, for centuries we have been using nature as if it were limitless, but more than ever, we are recognizing that our demands on the natural world are unsustainable.
650 ## - SUBJECT ADDED ENTRY--TOPICAL TERM
Topical Term Natural capital
942 ## - ADDED ENTRY ELEMENTS (KOHA)
Koha item type Book
Holdings
Withdrawn status Lost status Damaged status Not for loan Permanent Location Current Location Shelving location Date acquired Full call number Accession Number Price effective from Koha item type
        UONGOZI Institute Resources Centre - Dar es Salaam UONGOZI Institute Resources Centre - Dar es Salaam Sustainable Development 06/19/2026 333.7DAS UR010578 06/29/2026 Book
        UONGOZI Institute Resources Centre - Dar es Salaam UONGOZI Institute Resources Centre - Dar es Salaam Sustainable Development 06/19/2026 333.7DAS UR010577 06/29/2026 Book